Normal view
MARC view
- Guide Name:Sahstrabuddhe Swati
Entry Personal Name
001 - CONTROL NUMBER
- control field: 210031
003 - CONTROL NUMBER IDENTIFIER
- control field: OSt
005 - DATE AND TIME OF LATEST TRANSACTION
- control field: 20250110171441.0
008 - FIXED-LENGTH DATA ELEMENTS
- fixed length control field: 250110|| aca||aabn | a|a d
040 ## - CATALOGING SOURCE
- Original cataloging agency: OSt
- Transcribing agency: OSt
100 ## - HEADING--PERSONAL NAME
- Personal name: Guide Name:Sahstrabuddhe Swati
670 ## - SOURCE DATA FOUND
- Source citation: Work cat.: (OSt)363224: Chaskar Sonali S 182361, Sustainable Landscape Development Of Group Housing In Nashik, 2012